02384cam a22002898i 45000010009000000050017000090080041000260100017000670200018000840400023001020410008001250420008001330500025001411000033001662450106001992600049003053000067003545040051004215201372004726500029018446500028018736500032019016500029019339420008019629520109019709990015020792404634220250408081907.0250228s2025 nyu b 001 0 eng  a 2024060495 a9781398617391 aDLCbengerdacDLC aeng apcc00aHF5415.5b.Z354 2025 aZaki, Mohamedeauthor92512610aData-driven customer experience transformationb: optimize your omnichannel approachc/ Mohamed Zaki. aLondon ;aNew York, NY :bKogan Page,c2025. a321 pages :billustrations, tables (black and white) ;c24 cm. aIncludes bibliographical references and index. aWe are living in an experience-driven economy, where the customer's experience is paramount and even beloved brands risk losing market share due to a single negative customer experience. In our technology-led, omnichannel environment, one of the biggest risks for brands is a lack of consistency in their customer experience across digital, physical and social channels. Data-driven Customer Experience Transformation provides insights and frameworks for creating delightful customer experiences across all three channels, by leveraging data and the latest technologies. Using cutting-edge research from the Cambridge Service Alliance, this book explores the importance of omnichannel customer-centricity across all sectors and takes you on a journey from setting your strategy, through designing and managing your customer experiences in real-time. It explores how AI can be used to identify opportunities and predict engagement, as well as how to use data to understand customer loyalty, forge stronger customer relationships and drive growth. By combining academic rigour with real-world examples from leading companies such as Manchester United, Caterpillar, KFC and Emirates Airline, this book is the ultimate guide to designing and implementing an exceptional data-driven customer experience across all channels, whether you work in B2B, B2C or public services. 0aCustomer relations93627 0aCustomer services93626 0aMultilevel marketing925127 0aProduct management92370 2lcc 00102lcc4070aTBSbTBSd2025-04-08l2oHF5415.5 ZAKpB05900r2026-02-27s2025-12-17t1w2025-04-08y1 c4630d4630